<?xml version="1.0" encoding="UTF-8"?>
<marc:record xmlns:marc="http://www.loc.gov/MARC21/slim">
   <marc:leader>00000nam a2200000 a 4500</marc:leader>
   <marc:datafield ind1="1" ind2=" " tag="100">
      <marc:subfield code="a">Manneh, Lisa</marc:subfield>
      <marc:subfield code="4">aut</marc:subfield>
      <marc:subfield code="e">Verfasser/-in</marc:subfield>
   </marc:datafield>
   <marc:datafield ind1=" " ind2=" " tag="653">
      <marc:subfield code="a">Berge</marc:subfield>
   </marc:datafield>
   <marc:datafield ind1=" " ind2=" " tag="653">
      <marc:subfield code="a">Wimmelbuch</marc:subfield>
   </marc:datafield>
   <marc:datafield ind1="0" ind2="0" tag="245">
      <marc:subfield code="a">Ab in die Berge</marc:subfield>
   </marc:datafield>
   <marc:datafield ind1="0" ind2="0" tag="245">
      <marc:subfield code="c">herausgegeben vom Österreichischen Alpenverein ; Lisa Manneh</marc:subfield>
   </marc:datafield>
   <marc:datafield ind1=" " ind2="1" tag="264">
      <marc:subfield code="a">Innsbruck ; Wien</marc:subfield>
      <marc:subfield code="b">Tyrolia Verlag</marc:subfield>
      <marc:subfield code="c">2023</marc:subfield>
   </marc:datafield>
   <marc:datafield ind1="1" ind2=" " tag="490">
      <marc:subfield code="a">Wimmelbuch</marc:subfield>
   </marc:datafield>
   <marc:datafield ind1="1" ind2=" " tag="520">
      <marc:subfield code="a">Quelle: bn.bibliotheksnachrichten (http://www.biblio.at/literatur/bn/index.html); #Autor: Alexandra Gölly-Liebich; #Und jetzt?#Ein großer Entdeckerspaß mit Humor und genau richtig viel Wimmeln. (ab 3) (JD)#Wer liebt es nicht  einen Ausflug in die Berge? Da sich das nicht jederzeit so spontan umsetzen lässt, tut man gut daran, sich ein entsprechendes Buch zuzulegen. In diesem Fall handelt es sich um ein kunterbuntes Wimmelbuch. Verschiedene Almszenen, die jedem Wanderer geläufig sind, machen Lust auf einen Almaufstieg. Es gibt allerhand zu entdecken, dennoch sind die Seiten nicht unangenehm überfüllt. Es ist gerade richtig viel los. Und was da los ist! Bei genauem Hinsehen entdeckt man humorvolle Szenen und ein lustiges Miteinander  etwa einen kleinen Jungen bei seinem großen Geschäft, Murmeltiere beim Almyoga oder einen Saunageher, der nackt einen Kleiderdieb jagt. Besonders fällt auf, dass manche Charaktere auf mehreren Seiten vorkommen und somit eine fortlaufende Handlung in Bildern gegeben ist. Noch spannender ist allerdings, dass die Abbildungen richtige kleine Geschichten erzählen, die es zu entdecken gilt. Zuerst konzentriert man sich nur auf einen kleinen Ausschnitt, bis man auch die Umgebung miteinbezieht und plötzlich ergibt sich eine ganze Szene. Ein buntes Buch mit schillernden Persönlichkeiten und lustigen Szenen.</marc:subfield>
   </marc:datafield>
   <marc:datafield ind1=" " ind2=" " tag="020">
      <marc:subfield code="a">9783702241056</marc:subfield>
      <marc:subfield code="9">9783702241056</marc:subfield>
   </marc:datafield>
   <marc:datafield ind1=" " ind2=" " tag="041">
      <marc:subfield code="a">ger</marc:subfield>
   </marc:datafield>
   <marc:datafield ind1=" " ind2=" " tag="300">
      <marc:subfield code="a">16 ungezählte Seiten</marc:subfield>
   </marc:datafield>
</marc:record>
